Belediye meclis konuşmalarım (Record no. 7862)

MARC details
000 -BAŞLIK
Sabit Uzunlukta Kontrol Alanı 01065na a2200301 4500
001 - KONTROL NUMARASI
Denetim Alanı 22331
003 - KONTROL NUMARASI IDENTIFIER
Denetim Alanı MIRAKIL
005 - SON İŞLEM TARİHİ VE ZAMANI
Denetim Alanı 20181213155151.0
008 - SABİT-BOY VERİ ELEMANLARI - GENEL BİLGİLER
Sabit Uzunlukta Kontrol Alanı 170213b tu 000 0
035 ## - SİSTEM KONTROL NUMARASI
Sistem Kontrol Numarası 15266
040 ## - KATALOGLAMA KAYNAK
Orijinal Kataloglama Ajansı Milas
Kataloglama Dili tur
Metne Dönüştürmek Ajansı TR-AnCHP
041 ## - DİL KODU
Metin / Ses Parça Veya Ayrı Başlığın Dil Kodu tur
082 ## - DEWEY ONLU SINIFLANDIRMA NUMARASI
Sınıflandırma Numarası CHP 351.00352
Ürün Numarası T95b 2010
090 ## - SINIFLAMA NUMARASI
Sınıflama Numarası CHP 351.00352 T95b 2010
100 ## - ANA GİRİŞ - KİŞİSEL İSİM
Kişisel Ad Tüm, Halil
Bir Adıyla İlişkilendirilen Başlıklar Ve Kelimeler CHP Adana Büyükşehir Belediyesi ve Seyhan Belediyesi meclis üyesi
245 ## - BAŞLIK TABLOSU
Başlık Belediye meclis konuşmalarım
Başlığın Kalan (2009-2010)
Sorumluluk Tablosu, Vb Halil Tüm
246 ## - UNVAN FORM VARYING
Başlık Doğru / Kısa Başlığı Halil Tüm belediye meclis konuşmaları
260 ## - YAYIN, DAĞITIM, VB
Yayın, Dağıtım, Vb Yeri [Ankara]
Yayıncı, Dağıtıcı, Vs Adı [yayl. y.]
Yayın, Dağıtım, Vb Tarihi [2010]
300 ## - FİZİKSEL TANIM
Kapsam 76 s.
Diğer Fiziksel Ayrıntıları res.
Boyutlar 29 sm.
600 ## - KONU KATMA GİRİŞ - KURUMSAL ADI
Kişisel Ad Tüm, Halil
Başlıklar Ve Bir Adla İlişkili Diğer Kelimeler CHP Adana Büyükşehir Belediyesi ve Seyhan Belediyesi meclis üyesi
Genel Alt Bölümü Belediye
Kronolojik Alt Bölümü Meclis konuşmaları
610 ## - KONU KATMA GİRİŞ - TOPLANTI ADI
Giriş Elemanı Olarak Kurumsal Ad Veya Yargı Alanı Adı CHP
Genel Alt Bölüm Yerel yönetimler
Kronolojik Alt Bölüm Meclis konuşmaları
610 ## - KONU KATMA GİRİŞ - TOPLANTI ADI
Giriş Elemanı Olarak Kurumsal Ad Veya Yargı Alanı Adı CHP
Genel Alt Bölüm Siyaset ve yönetim
Coğrafi Alt Bölüm Türkiye
650 ## - KONU KATMA GİRİŞ - TOPİKAL DÖNEM
Topikal Süreli Veya Coğrafi Ad Giriş Elemanı CHP
Genel Alt Bölümü Meclis üyeleri
Kronolojik Alt Bölümü Meclis konuşmaları
700 ## - KATMA GİRİŞ - KİŞİSEL İSİM
Kişisel Ad
830 ## - SERİSİ EKLENDİ GİRİŞ - ÜNİFORM ADI
Üniforma Başlık CHP yayınları
942 ## - EKLENDİ GİRİŞ ELEMANLARI (KOHA)
Sınıflandırma Veya Raf Düzeni Kaynak Dewey Decimal Classification
Koha Öğesi Türü Books
999 ## - SİSTEM KONTROL NUMARALARI (KOHA)
Koha Biblionumber 7862
Koha Biblioitemnumber 7862
657 ## - INDEX SÜRE - İŞLEVİ
-- Meclis üyeleri konuşmaları
Holdings
Kullanım Kısıtlamaları Kalıcı Konum Mevcut Konum Edinme Tarihi Edinim Kaynak Kodlu Konum Eleme Toplam Check-Out'Lar Tam Çağrı Numarası Barkod Tarih Son Görülme İtibaren Geçerli Fiyatlar Koha Öğesi Türü
Kütüphane dışına çıkarılamaz CHP Kütüphanesi CHP Kütüphanesi 02/13/2017 Bağış CHP   CHP 351.00352 T95b 2010 016018 02/13/2017 02/13/2017 Books